বাউল গান / (Record no. 2172)
[ view plain ]
| 000 -LEADER | |
|---|---|
| fixed length control field | 00672nam a2200229 a 4500 |
| 001 - CONTROL NUMBER | |
| JCCL Control Number | 2172 |
| 003 - CONTROL NUMBER IDENTIFIER | |
| JCCL marc code | BD-JhCC |
| 005 - DATE AND TIME OF LATEST TRANSACTION | |
| control field | 20190311134006.0 |
| 008 - FIXED-LENGTH DATA ELEMENTS--GENERAL INFORMATION | |
| fixed length control field | 171030s2000 xxu |||| ||a| 000 0 ben d |
| 020 ## - INTERNATIONAL STANDARD BOOK NUMBER | |
| International Standard Book Number | 98415550150 |
| 035 ## - SYSTEM CONTROL NUMBER | |
| system control number | (BD-JhCC)2172 |
| 040 ## - CATALOGING SOURCE | |
| Original cataloging agency | BD-JhCC |
| Modifying agency | BD-JhCC |
| 041 ## - LANGUAGE CODE | |
| Language code of Book | ben |
| 082 ## - DEWEY DECIMAL CLASSIFICATION NUMBER | |
| Classification number | 784.8 |
| Author mark and Year | AMD 2000 |
| 100 ## - MAIN ENTRY--PERSONAL NAME | |
| Personal name | আহমদ, ওয়াকিল |
| 245 ## - TITLE STATEMENT | |
| Title | বাউল গান / |
| Statement of responsibility, etc | ওয়াকিল আহমদ |
| 260 ## - PUBLICATION, DISTRIBUTION, ETC. (IMPRINT) | |
| Place of publication, distribution, etc | ঢাকা : |
| Name of publisher, distributor, etc | বাংলাদেশ শিল্পকলা একাডমী, |
| Date of publication, distribution, etc | ২০০০. |
| 300 ## - PHYSICAL DESCRIPTION | |
| Pagination | 303 p. : |
| Dimensions | 21 cm. |
| 650 ## - SUBJECT ADDED ENTRY--TOPICAL TERM | |
| Topical term or geographic name as entry element | Bauls |
| General subdivision | Music |
| 942 ## - ADDED ENTRY ELEMENTS (KOHA) | |
| Source of classification or shelving scheme | Dewey Decimal Classification |
| Koha item type | Books |
| Koha issues (borrowed), all copies | 2 |
| Source of classification or shelving scheme | Damaged status | Not for loan | Home library | Current library | Shelving location | Date of accession | Cost, normal purchase price | Total Checkouts | Full call number | Barcode | Date last seen | Date checked out | Copy number | Koha item type |
|---|---|---|---|---|---|---|---|---|---|---|---|---|---|---|
| Dewey Decimal Classification | JCC Rouf Library | JCC Rouf Library | General Stacks | 10/30/2017 | 100.00 | 1 | 784.8 AMD 2000 | 3565 | 04/02/2019 | 03/10/2019 | C-1 | Books |